000
00291nam a22001337a 4500
008
181008b xxu||||| |||| 00| 0 eng d
020
_a
9780070960084
041
_a
eng
080
_2
11ed
_a
330..101
100
_a
52
101
_a
mak
245
_a
Macroeconomics
_c
Brue.m
942
_2
udc
_c
BK
999
_c
49045
_d
49045